000 00317nam a2200085Ia 4500
245 0 _aThe new strategic direction and development of the school : key frameworks for school improvement planning
100 _a DAVIES, Brent London, 2003 2nd ed
_9100923
942 _cBK
008 210818s9999 xx 000 0 und d
999 _c434940
_d434939